[Event "Ojinaga Perla del Desierto op"]
[Site "Ojinaga"]
[Date "2023.10.26"]
[Round "1"]
[White "Dominguez Gonzalez, Edgar"]
[Black "Quesada Perez, Luis Ernesto"]
[Result "0-1"]
[WhiteElo "1612"]
[BlackElo "2555"]
[PlyCount "62"]
[EventDate "2023.10.26"]
[EventType "swiss"]
[EventRounds "7"]
[EventCountry "MEX"]
[SourceTitle "CBM 216 Extra"]
[Source "ChessBase"]
[SourceDate "2023.11.30"]
[SourceVersion "1"]
[SourceVersionDate "2023.11.30"]
[SourceQuality "1"]

1. e4 c5 2. Nf3 d6 3. d4 cxd4 4. Nxd4 Nf6 5. Nc3 g6 6. Be3 Bg7 7. f3 0-0 8. Qd2 Nc6 9. 0-0-0 d5 10. Nxc6 bxc6 11. exd5 cxd5 12. Nxd5 Nxd5 13. Qxd5 Qc7 14. Qc5 Qb7 15. Qb5 Qxb5 16. Bxb5 Rb8 17. Bc4 Bxb2+ 18. Kd2 a5 19. a4 Bf5 20. Bd3 Bd7 21. Bf4 e5 22. Bh6 Rfc8 23. Ke2 Bxa4 24. Ba6 Rxc2+ 25. Rd2 Bd4 26. Bd3 Rcb2 27. Rc1 Bb3 28. f4 a4 29. f5 a3 30. fxg6 hxg6 31. Rc7 a2 0-1